Turbomachinery: (Record no. 3235)

000 -LEADER
fixed length control field 00615nam a22002297a 4500
001 - CONTROL NUMBER
control field 3235
003 - CONTROL NUMBER IDENTIFIER
control field BD-DhUET
008 - FIXED-LENGTH DATA ELEMENTS--GENERAL INFORMATION
fixed length control field 141022b xxu||||| |||| 00| 0 eng d
020 ## - INTERNATIONAL STANDARD BOOK NUMBER
International Standard Book Number 0824709802
040 ## - CATALOGING SOURCE
Original cataloging agency 0
Transcribing agency 0
Modifying agency BD-DhUET
082 ## - DEWEY DECIMAL CLASSIFICATION NUMBER
Classification number 621.406
Item number GOR/2003
100 ## - MAIN ENTRY--PERSONAL NAME
Personal name Gorla, Rama S.R.
245 ## - TITLE STATEMENT
Title Turbomachinery:
Remainder of title design and theory
Statement of responsibility, etc. by Rama S.R. Gorla, Aijaz A Khan
250 ## - EDITION STATEMENT
Edition statement Ist ed.
260 ## - PUBLICATION, DISTRIBUTION, ETC. (IMPRINT)
Place of publication, distribution, etc. Boca Raton:
Name of publisher, distributor, etc. CRC Press,
Date of publication, distribution, etc. 2003.
300 ## - PHYSICAL DESCRIPTION
Extent xi,398p.
490 ## - SERIES STATEMENT
Series statement Mechanical engineering
504 ## - BIBLIOGRAPHY, ETC. NOTE
Bibliography, etc Includes bibliographies
650 #0 - SUBJECT ADDED ENTRY--TOPICAL TERM
Topical term or geographic name as entry element Turbomachines
700 ## - ADDED ENTRY--PERSONAL NAME
Personal name Aijaz A Khan
942 ## - ADDED ENTRY ELEMENTS (KOHA)
Koha item type General Book
Holdings
Date acquired Not for loan Shelving location Koha full call number Koha normalized classification for sorting Sublocation or collection (holding branch) Lost status Damaged status Koha date last seen Piece designation (barcode) Withdrawn status Price effective from Location (home branch) Koha item type Source of classification or shelving scheme Copy number
2014-10-22 Circulation section621.406/GOR/2003621_000000000000000_406GOR2003Central Library, BUET  2014-10-22106262 2014-10-22Central Library, BUETGeneral Book 1